|
|
|
|
| LEADER |
00686nam a22002052a 4500 |
| 001 |
001872079 |
| 003 |
CZ BrMZK |
| 005 |
20231002154021.0 |
| 007 |
ta |
| 008 |
231002s1932 gw er|||||||||||ger d |
| 040 |
|
|
|a BOA001
|b cze
|e aacr2
|
| 100 |
1 |
|
|a Schwab, Gustav,
|d 1792-1850
|7 jn20010316186
|4 aut
|
| 245 |
1 |
4 |
|a Die schönsten Sagen des klassischen Altertums Nach seinen Dichtern und Erzählern /
|c von Gustav Schwab
|
| 260 |
|
|
|a Gütersloh :
|b C. Bertelsmann,
|c 1932
|
| 300 |
|
|
|a x, 742 s., obr. příl. :
|b il.
|
| 910 |
|
|
|a BOA001
|b 2-0216.703
|
| 990 |
|
|
|a BK
|
| 993 |
|
|
|a Y
|
| 991 |
|
|
|b 202309
|
| 996 |
7 |
|
|b 2618756567
|c 2-0216.703
|l MZK
|r Sklad / do 24 hodin
|n 0
|w 001939741
|u 000010
|a 1
|e BOA001
|j MZK50
|s A
|